| 000 | 00446nam a2200157 i 4500 | ||
|---|---|---|---|
| 001 | 51426 | ||
| 003 | ES-MaACL | ||
| 005 | 20230906162347.0 | ||
| 007 | t| | ||
| 008 | 030813s1969 sp ||||1| spa d | ||
| 100 | 1 |
_aCharue, André Marie _cObispo de Namur. _938141 |
|
| 245 | 1 | 0 |
_aProblemas doctrinales de hoy / _cMons. A.M. Charue. |
| 260 |
_a[Madrid] : _bPalabra, _c[1969] |
||
| 300 |
_a67 p. ; _c14 cm. |
||
| 852 |
_aES-MaACL _jC-51283 _bR.71800 |
||
| 999 |
_c51426 _d51426 |
||